Gyermekvédelem
Elmentve itt :
| Szerző: | |
|---|---|
| További közreműködők: | |
| Dokumentumtípus: | Szakdolgozat |
| Megjelent: |
2005-05-18
|
| Tárgyszavak: | |
| Online Access: | http://diploma.bibl.u-szeged.hu/29287 |
| LEADER | 00524nta a2200157 i 4500 | ||
|---|---|---|---|
| 001 | dipl29287 | ||
| 005 | 20200303092718.0 | ||
| 008 | 110720s2005 hu om 0|| zxx d | ||
| 040 | |a SZTE Diploma Repozitórium |b hun | ||
| 041 | |a zxx | ||
| 100 | 1 | |a Kriska Rita | |
| 245 | 1 | 0 | |a Gyermekvédelem |h [elektronikus dokumentum] / |c Rita Kriska |
| 260 | |c 2005-05-18 | ||
| 650 | 4 | |a Jogi és igazgatási tanulmányok | |
| 700 | 1 | |a Farkas Kornélia |e ths | |
| 856 | 4 | 0 | |u http://diploma.bibl.u-szeged.hu/id/eprint/29287/1/2005_kriska_rita.pdf |z Dokumentum-elérés |